000 01287nam a22003617a 4500
003 CHAP
005 20220817041933.0
008 971013s1973 r 00010 d
010 _a29320
011 _a30292
035 _a34404
040 _cCHAP
082 _a338.9
_bM34Y
100 0 0 _aMaddison, Angus.
_969582
245 _aProgreso y política económica
_b: en los países en vías de desarrollo
260 _aMéxico, D.F. :
_bFondo de Cultura Económica,
_c1973
300 _a359 p
490 _aSección de obras de economía
590 _aBATCH-UPD
_b10
_c20130110
_lUCH01
_h0017
590 _aBATCH-UPD
_b10
_c20130110
_lUCH01
_h1531
590 _aBATCH-UPD
_b10
_c20130409
_lUCH01
_h1955
590 _aBATCH-UPD
_b10
_c20130410
_lUCH01
_h0938
590 _aBATCH-UPD
_b10
_c20130913
_lUCH01
_h2019
590 _aCONVERSION
_b10
_c20130109
_lUCH01
_h1317
650 1 4 _aAgricultura
_xAspectos económicos
_xPaíses subdesarrollados.
_91281
650 1 4 _aIndustrialización.
_957923
650 1 4 _aPaíses subdesarrollados
_xCondiciones económicas.
_985152
650 1 4 _aPolítica económica
_xPaíses subdesarrollados.
830 0 _aSección de obras de economía
901 _aBK
942 _cLIBRO
949 _a338.9 M34Y
_bBC
_cLIBRO
_d33724000421962
_eLIBRO
_h40682
_i34404
_mD
_si
999 _c29320
_d29320